Traffic noise map for London (Record no. 118007)

MARC details
000 -LEADER
fixed length control field 01135cam a2200217 4500
001 - CONTROL NUMBER
control field WB@3612-592
008 - FIXED-LENGTH DATA ELEMENTS--GENERAL INFORMATION
fixed length control field 040915n2004 000 0 eng u
035 ## - SYSTEM CONTROL NUMBER
System control number (Sirsi) u127427
245 ## - TITLE STATEMENT
Title Traffic noise map for London
260 ## - PUBLICATION, DISTRIBUTION, ETC.
Date of publication, distribution, etc. 2004
490 ## - SERIES STATEMENT
Series statement DEFRA News Release
Volume/sequential designation 14 September 2004 (1)
520 ## - SUMMARY, ETC.
Summary, etc. DEFRA has published a road map which shows levels of traffic noise throughout Greater London, pinpointing noise hotspots. The noisiest boroughs include Havering, Hounslow, Barnet, Westminster and Enfield. The quietest include Sutton and Hammersmith. The surveys show more Londoners think road traffic noise is a problem than aircraft noise or noisy neighbours. The map is the first part of a major government initiative to plot noise from roads, railways, aircraft and industrial premises across England. To see the map go to: http://www.noisemapping.org/. http://www.defra.gov.uk/news/latest/2004/localenv- 040914.htm
590 ## - LOCAL NOTE (RLIN)
Local note WB
590 ## - LOCAL NOTE (RLIN)
Local note WB
650 ## - SUBJECT ADDED ENTRY--TOPICAL TERM
Topical term or geographic name entry element NOISE MAPPING
650 ## - SUBJECT ADDED ENTRY--TOPICAL TERM
Topical term or geographic name entry element NOISE NUISANCE
650 ## - SUBJECT ADDED ENTRY--TOPICAL TERM
Topical term or geographic name entry element LONDON
650 ## - SUBJECT ADDED ENTRY--TOPICAL TERM
Topical term or geographic name entry element AMBIENT NOISE
690 ## - LOCAL SUBJECT ADDED ENTRY--TOPICAL TERM (OCLC, RLIN)
Topical term or geographic name as entry element MAPPING AND MEASUREMENT
942 ## - ADDED ENTRY ELEMENTS (KOHA)
Suppress in OPAC 0
Holdings
Withdrawn status Lost status Source of classification or shelving scheme Damaged status Not for loan Home library Current library Shelving location Date acquired Total Checkouts Full call number Barcode Date last seen Copy number Price effective from Koha item type
    Dewey Decimal Classification     London London News article 15/09/2004   WB4035-11 127427-1001 06/08/2019 1 06/08/2019 News article